[Event "Rated Blitz game"]
[Site "?"]
[Date "2021.07.13"]
[Round "?"]
[White "jsemkurina"]
[Black "Dzon_Vejn"]
[Result "1-0"]
[WhiteElo "2467"]
[BlackElo "2475"]
[PlyCount "127"]
[EventDate "2021.??.??"]
[EventType "blitz"]

1. e4 e5 2. Nf3 d5 3. d4 dxe4 4. Nxe5 Nd7 5. Bc4 Nxe5 6. dxe5 Qxd1+ 7. Kxd1
Bg4+ 8. Be2 O-O-O+ 9. Ke1 Bf5 10. Bf4 Ne7 11. Nd2 Nd5 12. Bg3 Nb4 13. Bd1 e3
14. fxe3 Bxc2 15. Rf1 Nd3+ 16. Ke2 Bxd1+ 17. Raxd1 Nxb2 18. Rb1 Na4 19. Rbc1
Bb4 20. Ne4 Rhf8 21. e6 c6 22. Rxf7 Rfe8 23. Bh4 Rd5 24. Rxg7 Rxe6 25. Nf6 Rd2+
26. Kf3 Nc5 27. Rg8+ Kc7 28. Rc4 a5 29. Bg3+ Kb6 30. Nxh7 Rd3 31. Bf4 Bd2 32.
Ng5 Re7 33. Ne4 Nxe4 34. Rxe4 Rxe4 35. Kxe4 Ra3 36. g4 Rxa2 37. g5 Bc3 38. g6
a4 39. Be5 Bxe5 40. Kxe5 Rg2 41. g7 Kb5 42. h4 a3 43. h5 a2 44. Ra8 Rxg7 45.
Rxa2 Rg5+ 46. Kd4 Rxh5 47. e4 Rg5 48. Rb2+ Ka6 49. e5 b6 50. Ke4 b5 51. Kf4 Rg8
52. Kf5 Kb6 53. e6 c5 54. e7 c4 55. Ke5 c3 56. Rb3 b4 57. Rxb4+ Kc5 58. Rb1 Kc4
59. Ke4 c2 60. Rf1 Kc3 61. Kd5 Re8 62. Kd6 Rxe7 63. Kxe7 Kb2 64. Rf2 {Time
forfeit} 1-0

[Event "Rated Blitz game"]
[Site "?"]
[Date "2021.07.13"]
[Round "?"]
[White "pupilo29"]
[Black "KamranShirazi"]
[Result "0-1"]
[WhiteElo "2377"]
[BlackElo "2512"]
[PlyCount "78"]
[EventDate "2021.??.??"]
[EventType "blitz"]

1. e4 e5 2. Nf3 d5 3. d3 Nc6 4. Nc3 Bb4 5. exd5 Qxd5 6. Bd2 Bxc3 7. Bxc3 Nf6 8.
Be2 Bg4 9. O-O O-O-O 10. b4 e4 11. dxe4 Qxe4 12. Bd3 Qf4 13. b5 Bxf3 14. Qxf3
Qxf3 15. gxf3 Nd4 16. f4 Nf3+ 17. Kg2 Nd5 18. Kxf3 Nxc3 19. Rfe1 g6 20. Re7 f5
21. Rae1 Rd4 22. Rg7 Nd5 23. Re5 Rxf4+ 24. Kg3 Rd4 25. Be2 Nf6 26. Ree7 Ne8 27.
Rxh7 Rxh7 28. Rxh7 Nf6 29. Rh8+ Kd7 30. Bd3 b6 31. Rh6 Nh5+ 32. Kf3 Rf4+ 33.
Ke3 Rg4 34. f3 Rg2 35. h4 Kd6 36. Bxf5 Ke5 37. Bd3 Nf4 38. c4 Rxa2 39. Bxg6
Re2# {Normal} 0-1

[Event "Rated Blitz game"]
[Site "?"]
[Date "2021.07.13"]
[Round "?"]
[White "Belarusian_Woman"]
[Black "Jomajo"]
[Result "1-0"]
[WhiteElo "2677"]
[BlackElo "2712"]
[PlyCount "79"]
[EventDate "2021.??.??"]
[EventType "blitz"]

1. e4 e5 2. Nf3 d5 3. Nxe5 Bd6 4. d4 dxe4 5. Nc4 Nc6 6. Nc3 f5 7. d5 Ne5 8.
Nxd6+ cxd6 9. Be3 Nf6 10. h3 O-O 11. Qd2 a6 12. a4 Bd7 13. a5 Rc8 14. Bd4 Qe7
15. b3 Rfe8 16. Be2 Qf7 17. Be3 Kh8 18. O-O Nh5 19. Bxh5 Qxh5 20. Ne2 h6 21. c4
g5 22. Bd4 Kg8 23. Bxe5 Rxe5 24. f4 exf3 25. Rxf3 g4 26. Nf4 Qg5 27. Rf2 Rce8
28. Raf1 Re3 29. Ne6 Bxe6 30. dxe6 gxh3 31. Rxf5 Qxg2+ 32. Qxg2+ hxg2 33. Kxg2
R3xe6 34. Rd1 Kg7 35. Rfd5 Re3 36. Rxd6 Rxb3 37. Rd7+ Kf6 38. Rf1+ Kg5 39. Rg7+
Kh4 40. Rh1+ {Normal} 1-0

[Event "Rated Blitz game"]
[Site "?"]
[Date "2021.07.13"]
[Round "?"]
[White "imsk"]
[Black "Razario90"]
[Result "1/2-1/2"]
[WhiteElo "2503"]
[BlackElo "2355"]
[PlyCount "81"]
[EventDate "2021.??.??"]
[EventType "blitz"]

1. e4 e5 2. Nf3 d5 3. exd5 e4 4. Ne5 Qxd5 5. d4 exd3 6. Nxd3 Nf6 7. Nc3 Qa5 8.
Be2 Be7 9. O-O O-O 10. Bf3 Nc6 11. Re1 Be6 12. Nf4 Rad8 13. Bd2 Ne5 14. Ncd5
Nxf3+ 15. gxf3 Nxd5 16. Bxa5 Nxf4 17. Qc1 Bg5 18. Re3 Nh3+ 19. Kg2 Rd5 20. Bc3
Bxe3 21. Qxe3 Rg5+ 22. Kh1 Bd5 23. Rd1 Bc6 24. Bd4 Re8 25. Qc3 Rf5 26. Rd3 Rxf3
27. Rxf3 Re1+ 28. Kg2 Nf4+ 29. Kg3 Ne2+ 30. Kh4 Nxc3 31. Rxc3 Re4+ 32. Kg3 Rxd4
33. Re3 Rd8 34. Re7 h6 35. Rxc7 Re8 36. c4 Kf8 37. b4 Re7 38. Rc8+ Re8 39. Rc7
Re7 40. Rc8+ Re8 41. Rc7 {Normal} 1/2-1/2

[Event "Rated Blitz game"]
[Site "?"]
[Date "2021.07.13"]
[Round "?"]
[White "RhenzRheann_Auza98"]
[Black "kalomBayan"]
[Result "0-1"]
[WhiteElo "2400"]
[BlackElo "2206"]
[PlyCount "76"]
[EventDate "2021.??.??"]
[EventType "blitz"]

1. e4 e5 2. Nf3 d5 3. d4 dxe4 4. Nxe5 Be6 5. Nc3 Nf6 6. Be2 Bb4 7. O-O Bxc3 8.
bxc3 O-O 9. Be3 Nbd7 10. Bf4 Nxe5 11. Bxe5 Nd7 12. Bg3 Bf5 13. Rb1 b6 14. a4
Nf6 15. c4 Bg6 16. a5 Re8 17. axb6 cxb6 18. c5 bxc5 19. dxc5 Qc8 20. Bd6 Rd8
21. Bb5 Ne8 22. Bxe8 Rxe8 23. Qd5 a5 24. Rb7 a4 25. Rfb1 a3 26. Qa2 h5 27. Rc7
Qf5 28. Rb3 Qd5 29. h3 e3 30. fxe3 Bxc2 31. Qxc2 a2 32. Rb1 axb1=R+ 33. Qxb1
Rxe3 34. Qf1 Rae8 35. Kh2 Re2 36. Bg3 Rc2 37. c6 Ree2 38. Rc8+ Kh7 {Normal} 0-1

[Event "Rated Blitz game"]
[Site "?"]
[Date "2021.07.13"]
[Round "?"]
[White "Picay"]
[Black "kalomBayan"]
[Result "1-0"]
[WhiteElo "2403"]
[BlackElo "2202"]
[PlyCount "77"]
[EventDate "2021.??.??"]
[EventType "blitz"]

1. e4 e5 2. Nf3 d5 3. exd5 e4 4. Qe2 Nf6 5. d3 Bf5 6. Bg5 Be7 7. dxe4 Nxe4 8.
Bxe7 Qxe7 9. Nd4 Bg6 10. f3 Nd6 11. Nc3 Qxe2+ 12. Bxe2 O-O 13. O-O-O a6 14. h4
f6 15. h5 Bf7 16. a4 Nd7 17. g4 Rfe8 18. Rhe1 Nb6 19. Nb3 h6 20. a5 Nbc4 21.
Bxc4 Nxc4 22. Ne4 Rad8 23. Rd4 Bxd5 24. Rxd5 Rxd5 25. Nxf6+ gxf6 26. Rxe8+ Kf7
27. Re4 Nxa5 28. Nd4 Nc6 29. Nf5 Ne5 30. Nxh6+ Kf8 31. f4 Nd7 32. Nf5 Ra5 33.
h6 Ra1+ 34. Kd2 Rh1 35. Re7 Rh2+ 36. Ke1 Nc5 37. Rxc7 Ne4 38. h7 Nd6 39. Nxd6 {
Normal} 1-0

[Event "Rated Blitz game"]
[Site "?"]
[Date "2021.07.13"]
[Round "?"]
[White "SeanGarnier"]
[Black "lavilaine"]
[Result "0-1"]
[WhiteElo "2405"]
[BlackElo "2390"]
[PlyCount "110"]
[EventDate "2021.??.??"]
[EventType "blitz"]

1. e4 e5 2. Nf3 d5 3. Nxe5 Qe7 4. d4 f6 5. Nf3 dxe4 6. Ng1 f5 7. g3 Nf6 8. Ne2
Nc6 9. Bg2 Be6 10. O-O O-O-O 11. c3 h5 12. h4 Ng4 13. Bg5 Qd6 14. Nf4 Re8 15.
Nxe6 Qxe6 16. Bf4 Qc4 17. Nd2 Qd3 18. Nb3 Qxd1 19. Raxd1 Bd6 20. Bxd6 cxd6 21.
Rfe1 d5 22. Nc5 b6 23. Nb3 Rhf8 24. Bf1 f4 25. Bb5 Kb7 26. gxf4 Rxf4 27. Re2
Ref8 28. Rf1 a6 29. Bxc6+ Kxc6 30. c4 dxc4 31. Nd2 Kd5 32. b3 b5 33. bxc4+ bxc4
34. Nb1 Kxd4 35. Rd2+ Kc5 36. Nc3 Rxf2 37. Rdxf2 Rxf2 38. Rxf2 Nxf2 39. Kxf2
Kd4 40. Ne2+ Kd3 41. Nf4+ Kd2 42. Nd5 c3 43. Nxc3 Kxc3 44. Ke3 Kb2 45. Kxe4
Kxa2 46. Kf5 Kb3 47. Kg6 a5 48. Kxg7 a4 49. Kg6 a3 50. Kxh5 a2 51. Kh6 a1=Q 52.
h5 Qh8+ 53. Kg6 Kc4 54. h6 Kd5 55. h7 Ke6 {Normal} 0-1

[Event "Rated Blitz game"]
[Site "?"]
[Date "2021.07.13"]
[Round "?"]
[White "livaistonee"]
[Black "KamranShirazi"]
[Result "0-1"]
[WhiteElo "2386"]
[BlackElo "2522"]
[PlyCount "108"]
[EventDate "2021.??.??"]
[EventType "blitz"]

1. e4 e5 2. Nf3 d5 3. Nxe5 Bd6 4. d4 dxe4 5. Nd2 Bxe5 6. dxe5 Bf5 7. Bc4 Qd4 8.
Qe2 Nc6 9. Bb5 Nge7 10. O-O a6 11. Ba4 Qxa4 12. b3 Qd4 13. Rb1 O-O-O 14. Nc4
Nd5 15. Bb2 Nc3 16. Qe1 Nxb1 17. Bxd4 Nxd4 18. Qxb1 Rhe8 19. Ne3 Bg6 20. c3 Nc6
21. e6 Rxe6 22. b4 Ne5 23. Qb3 Nd3 24. Qc4 Rc6 25. Qb3 f5 26. a4 f4 27. Nd5 Rd7
28. b5 axb5 29. axb5 Rc5 30. c4 b6 31. Qa4 Rdxd5 32. cxd5 Kd7 33. Qd4 Kd6 34.
Qxg7 Rxd5 35. h4 Rxb5 36. Ra1 Rd5 37. Ra7 Rc5 38. Qf8+ Kd5 39. Ra8 e3 40. Rd8+
Kc4 41. fxe3 fxe3 42. Qg7 Rd5 43. Qxc7+ Nc5 44. Rxd5 Kxd5 45. Qxb6 Be4 46. Qd8+
Kc4 47. Qd1 Bd3 48. Qc1+ Kd4 49. Qb2+ Ke4 50. Qc3 e2 51. Kf2 Ne6 52. Qb4+ Nd4
53. Qd2 Nc2 54. Qg5 e1=Q# {Normal} 0-1

[Event "Rated Rapid game"]
[Site "?"]
[Date "2021.07.13"]
[Round "?"]
[White "supertrif"]
[Black "el7or95"]
[Result "1-0"]
[WhiteElo "2420"]
[BlackElo "2300"]
[PlyCount "51"]
[EventDate "2021.??.??"]
[EventType "rapid"]

1. e4 e5 2. Nf3 d5 3. Nxe5 Nd7 4. Nxd7 Qxd7 5. exd5 Qxd5 6. Nc3 Qa5 7. d4 Bd7
8. Bc4 O-O-O 9. O-O Nf6 10. Bd2 h5 11. Nd5 Qa4 12. b3 Qc6 13. Bg5 Nxd5 14. Bxd8
Kxd8 15. Qf3 Be6 16. Rfe1 g5 17. Re5 Nf4 18. d5 Qd6 19. Rae1 Bg7 20. Rxg5 Bf6
21. dxe6 Bxg5 22. exf7 Qc6 23. Re4 Qd7 24. h4 Bh6 25. g3 Ng6 26. Qf6+ {Normal}
1-0

[Event "Rated Blitz game"]
[Site "?"]
[Date "2021.07.13"]
[Round "?"]
[White "kaloczajunky"]
[Black "rofaidah"]
[Result "0-1"]
[WhiteElo "2475"]
[BlackElo "2431"]
[PlyCount "126"]
[EventDate "2021.??.??"]
[EventType "blitz"]

1. e4 e5 2. Nf3 d5 3. Nxe5 Qe7 4. d4 f6 5. Nd3 dxe4 6. Nf4 Bf5 7. c4 Nc6 8. Nc3
O-O-O 9. Ncd5 Qf7 10. Be3 g5 11. Qh5 Qg7 12. Ne2 Qd7 13. h3 Bb4+ 14. Nxb4 Nxb4
15. O-O-O Nxa2+ 16. Kb1 Qa4 17. Nc3 Nxc3+ 18. bxc3 Qb3+ 19. Kc1 Qxc3+ 20. Kb1
Rd6 21. c5 Bg6 22. Qe2 Ra6 23. Qb2 Qxb2+ 24. Kxb2 Re6 25. Bc4 Re8 26. d5 Ne7
27. Bd4 Rhf8 28. Rhe1 Nf5 29. Bc3 Nh4 30. g3 Nf3 31. Re3 Rd8 32. c6 b6 33. Ba6+
Kb8 34. Bb4 Rfe8 35. d6 Ne5 36. Bb7 Nc4+ 37. Kc3 Nxd6 38. Bxd6 Rxd6 39. Rxd6
cxd6 40. Kd4 Kc7 41. Ra3 a5 42. h4 h6 43. hxg5 hxg5 44. Rc3 f5 45. Ba6 f4 46.
gxf4 gxf4 47. Bb5 e3 48. fxe3 Re4+ 49. Kd5 Rxe3 50. Rc1 f3 51. Rg1 f2 52. Rxg6
Re5+ 53. Kd4 Rxb5 54. Rf6 Kxc6 55. Rxf2 Rc5 56. Rf8 a4 57. Ra8 Kb5 58. Kd3 Kb4
59. Kd4 b5 60. Kd3 Rc4 61. Kd2 Rc3 62. Kd1 a3 63. Kd2 a2 {Time forfeit} 0-1

[Event "Rated Blitz game"]
[Site "?"]
[Date "2021.07.13"]
[Round "?"]
[White "kite1993"]
[Black "blastol"]
[Result "1-0"]
[WhiteElo "2437"]
[BlackElo "2437"]
[PlyCount "29"]
[EventDate "2021.??.??"]
[EventType "blitz"]

1. e4 e5 2. Nf3 d5 3. Nxe5 Bd6 4. d4 dxe4 5. Nc3 Nf6 6. Bg5 O-O 7. Be2 Re8 8.
O-O Bf5 9. Ng4 Nc6 10. Bxf6 gxf6 11. Nh6+ Kh8 12. Nxf5 Rg8 13. g3 Rg5 14. Nxd6
Qxd6 15. Nxe4 {Normal} 1-0

[Event "Rated Blitz game"]
[Site "?"]
[Date "2021.07.13"]
[Round "?"]
[White "xadrezsoccer21"]
[Black "rofaidah"]
[Result "0-1"]
[WhiteElo "2468"]
[BlackElo "2437"]
[PlyCount "128"]
[EventDate "2021.??.??"]
[EventType "blitz"]

1. e4 e5 2. Nf3 d5 3. exd5 e4 4. Ne5 Qxd5 5. d4 exd3 6. Nxd3 Qe6+ 7. Be2 Bd6 8.
Nc3 Nf6 9. Bf4 O-O 10. Bxd6 Qxd6 11. O-O Bf5 12. Bf3 c6 13. Qd2 Rd8 14. Rad1
Nbd7 15. Qf4 Qxf4 16. Nxf4 Bxc2 17. Rd2 Bf5 18. Rfd1 Re8 19. g4 Ne5 20. Be2
Bxg4 21. Bxg4 Nfxg4 22. Kg2 Nf6 23. Re2 Nc4 24. Rde1 Rxe2 25. Rxe2 Re8 26.
Rxe8+ Nxe8 27. b3 Nb6 28. Kf3 Kf8 29. Ke4 Nd6+ 30. Kd3 Ke7 31. a4 Nd7 32. Nfe2
f5 33. Nd4 Ne5+ 34. Ke2 g6 35. f4 Ng4 36. h3 Nf6 37. Kd3 Nfe4 38. Nf3 Nxc3 39.
Kxc3 Ne4+ 40. Kd4 Kd6 41. b4 b6 42. h4 c5+ 43. bxc5+ Nxc5 44. Ng5 Ne6+ 45. Kc4
Nxg5 46. hxg5 a6 47. Kd4 b5 48. a5 Kc6 49. Ke5 Kc5 50. Kf6 b4 51. Kg7 b3 52.
Kxh7 b2 53. Kxg6 b1=Q 54. Kh7 Kd6 55. g6 Ke7 56. g7 Kf6 57. g8=N+ Kf7 58. Nh6+
Ke6 59. Kg6 Qg1+ 60. Kh7 Qh2 61. Kg6 Qxf4 62. Ng8 Qg4+ 63. Kh7 Qxg8+ 64. Kxg8
f4 {Normal} 0-1

[Event "Rated Blitz tournament 5uRYeP1O"]
[Site "?"]
[Date "2021.07.12"]
[Round "?"]
[White "amzbkd"]
[Black "dr_xStranger"]
[Result "0-1"]
[WhiteElo "2348"]
[BlackElo "2540"]
[PlyCount "160"]
[EventDate "2021.??.??"]
[EventType "blitz"]

1. e4 e5 2. Nf3 d5 3. Nxe5 Bd6 4. d4 dxe4 5. Be2 Bxe5 6. dxe5 Qxd1+ 7. Bxd1 Nc6
8. O-O Nxe5 9. Re1 Nf6 10. Bg5 O-O 11. Bxf6 gxf6 12. Rxe4 Bf5 13. Rf4 Bg6 14.
Rxf6 Rad8 15. Nc3 Rfe8 16. h4 Kg7 17. Rf4 h5 18. g4 hxg4 19. Bxg4 Rd2 20. h5
Bxc2 21. Kh2 Rxf2+ 22. Rxf2 Nxg4+ 23. Kg3 Nxf2 24. Kxf2 Bh7 25. Nd5 c6 26. Rg1+
Kh6 27. Nf6 Re6 28. Ng4+ Kxh5 29. Ne3 Be4 30. Rg7 Rf6+ 31. Ke2 Bg6 32. Rg8 Re6
33. Kf3 Kg5 34. b4 Kf6 35. a3 Re7 36. Kf4 Ke6 37. Rd8 Rd7 38. Re8+ Kf6 39. Rb8
b6 40. Ng4+ Kg7 41. Ne5 Rd4+ 42. Kf3 Bh5+ 43. Ke3 Rd1 44. Nxc6 Ra1 45. Rb7
Rxa3+ 46. Kf4 Rc3 47. Nxa7 Rc4+ 48. Kg5 Bg6 49. Rxb6 Rc1 50. Rb8 f6+ 51. Kf4
Rc4+ 52. Ke3 Re4+ 53. Kf3 f5 54. b5 Kf6 55. Nc6 Kg5 56. b6 Bh5+ 57. Kf2 Re2+
58. Kf1 Rb2 59. b7 Be2+ 60. Ke1 Bc4 61. Ne5 Bd5 62. Nd3 Rxb7 63. Rd8 Re7+ 64.
Kf2 Be4 65. Rg8+ Kf6 66. Nf4 Kf7 67. Rb8 Rb7 68. Rd8 Rb2+ 69. Ke3 Rb3+ 70. Kd4
Kf6 71. Rd6+ Ke7 72. Rh6 Kd7 73. Ng6 Kc6 74. Ne5+ Kb5 75. Rh8 Rb4+ 76. Ke3 Rb3+
77. Kd4 Kb4 78. Rb8+ Ka3 79. Rxb3+ Kxb3 80. Ng6 Kc2 {Time forfeit} 0-1

[Event "Rated Blitz tournament oVUeFMwC"]
[Site "?"]
[Date "2021.07.12"]
[Round "?"]
[White "GMJOEY93"]
[Black "NDMUSPERM523"]
[Result "0-1"]
[WhiteElo "2681"]
[BlackElo "2263"]
[PlyCount "106"]
[EventDate "2021.??.??"]
[EventType "blitz"]

1. e4 e5 2. Nf3 d5 3. d4 dxe4 4. Nxe5 Nd7 5. Nc4 Ngf6 6. Nc3 Bb4 7. Ne3 Bxc3+
8. bxc3 O-O 9. a4 c5 10. Ba3 Qa5 11. Qd2 Rd8 12. Bc4 Qxa4 13. O-O Qc6 14. dxc5
b5 15. Nd5 Re8 16. Ba2 Bb7 17. Rad1 h6 18. Qf4 Qe6 19. c6 Qxc6 20. Ne7+ Rxe7
21. Bxe7 Qxc3 22. Rxd7 Nxd7 23. Qxf7+ Kh8 24. Qf5 Nf6 25. Bxf6 Qxf6 26. Qxf6
gxf6 27. Rd1 Rc8 28. Bb3 a5 29. h4 a4 30. Be6 Rxc2 31. Rd8+ Kg7 32. Rd7+ Kg6
33. Rxb7 Rb2 34. g4 f5 35. Bxf5+ Kf6 36. Rb6+ Ke5 37. Rxh6 a3 38. Ra6 a2 39. h5
Rb1+ 40. Kg2 a1=Q 41. Rxa1 Rxa1 42. h6 Ra6 43. h7 Ra8 44. Kg3 b4 45. f4+ exf3
46. Kxf3 Kf6 47. Kf4 b3 48. g5+ Kg7 49. g6 Rf8 50. Kg5 Rxf5+ 51. Kxf5 b2 52.
h8=Q+ Kxh8 53. Kf6 Kg8 {Time forfeit} 0-1

[Event "Rated Blitz game"]
[Site "?"]
[Date "2021.07.12"]
[Round "?"]
[White "JL20"]
[Black "FourNinetySix"]
[Result "1-0"]
[WhiteElo "2459"]
[BlackElo "2491"]
[PlyCount "121"]
[EventDate "2021.??.??"]
[EventType "blitz"]

1. e4 e5 2. Nf3 d5 3. Nxe5 Bd6 4. d4 dxe4 5. Nc4 Nf6 6. Bg5 Nc6 7. Be2 Nxd4 8.
c3 Nc6 9. Nbd2 Bf5 10. Ne3 Bg6 11. Ndc4 Be7 12. Qb3 Qc8 13. O-O-O O-O 14. h4 h6
15. Bxf6 Bxf6 16. g4 a5 17. Qb5 Na7 18. Qd5 Rd8 19. Qc5 b6 20. Rxd8+ Qxd8 21.
Qd5 c6 22. Qxd8+ Bxd8 23. Ne5 Bh7 24. h5 Bc7 25. N5c4 b5 26. Nd2 a4 27. a3 Nc8
28. Bd1 Nd6 29. Bc2 Rd8 30. Rd1 Kf8 31. Nef1 Bb6 32. Ng3 Bxf2 33. Ndxe4 Be3+
34. Kb1 Nb7 35. Rxd8+ Nxd8 36. Bd3 Ne6 37. Kc2 Bf4 38. Ne2 Be5 39. Nf2 Bxd3+
40. Nxd3 Bd6 41. Kd2 g6 42. hxg6 fxg6 43. Ke3 Kf7 44. Kf3 Kf6 45. Nf2 Ng5+ 46.
Kg2 Be5 47. Nd3 h5 48. gxh5 gxh5 49. Nb4 c5 50. Nd3 Bd6 51. Nef4 h4 52. Nd5+
Kf5 53. Nf2 Ke5 54. Ne3 Ke6 55. Neg4 Bf4 56. Nd3 h3+ 57. Kh1 Bd6 58. Ngf2 Kd5
59. Nc1 Kc4 60. Nd1 Nf3 61. Ne3# {Normal} 1-0

[Event "Rated Blitz game"]
[Site "?"]
[Date "2021.07.12"]
[Round "?"]
[White "Brave_spirit12"]
[Black "Artem_0degov"]
[Result "0-1"]
[WhiteElo "2464"]
[BlackElo "2633"]
[PlyCount "40"]
[EventDate "2021.??.??"]
[EventType "blitz"]

1. e4 e5 2. Nf3 d5 3. Nxe5 Bd6 4. d4 dxe4 5. Nc4 Nf6 6. Nc3 O-O 7. Bg5 Re8 8.
Be2 Nc6 9. d5 Ne5 10. Qd4 Nxc4 11. Qxc4 Bf5 12. O-O-O h6 13. Bh4 a6 14. g4 Bh7
15. Kb1 b5 16. Qc6 b4 17. Na4 e3 18. fxe3 Rxe3 19. Bg5 Rxe2 20. Bxf6 gxf6 {
Normal} 0-1

[Event "Rated Blitz game"]
[Site "?"]
[Date "2021.07.12"]
[Round "?"]
[White "RMDomino"]
[Black "kamilgrosicky"]
[Result "0-1"]
[WhiteElo "2439"]
[BlackElo "2353"]
[PlyCount "64"]
[EventDate "2021.??.??"]
[EventType "blitz"]

1. e4 e5 2. Nf3 d5 3. exd5 e4 4. Qe2 Nf6 5. d3 Be7 6. dxe4 O-O 7. h3 c6 8. Nc3
cxd5 9. e5 Bb4 10. Bd2 d4 11. O-O-O Re8 12. Qc4 Nc6 13. exf6 Be6 14. Qb5 a6 15.
Qg5 Qxf6 16. Qxf6 gxf6 17. Ne4 Bxd2+ 18. Rxd2 Kf8 19. Nxf6 Red8 20. Nxh7+ Ke7
21. Nhg5 Rac8 22. Bd3 Bxa2 23. Re1+ Kf8 24. Nh7+ Kg7 25. Nh4 Nb4 26. Re4 Bb3
27. Rg4+ Kh8 28. Nf6 Nxd3+ 29. Rxd3 Bxc2 30. Rdg3 Bf5+ 31. Kd1 Bxg4+ 32. Rxg4
Rc6 {Time forfeit} 0-1

[Event "Rated Blitz game"]
[Site "?"]
[Date "2021.07.12"]
[Round "?"]
[White "Ghostdog_db"]
[Black "Schachelite"]
[Result "1-0"]
[WhiteElo "2334"]
[BlackElo "2469"]
[PlyCount "39"]
[EventDate "2021.??.??"]
[EventType "blitz"]

1. e4 e5 2. Nf3 d5 3. exd5 e4 4. Ng1 Qxd5 5. Nc3 Qe5 6. g3 Nf6 7. Bg2 Bg4 8.
Nce2 Nc6 9. h3 Bh5 10. g4 Bg6 11. d4 exd3 12. cxd3 O-O-O 13. Bf4 Bb4+ 14. Kf1
Qxb2 15. Rb1 Qxa2 16. Bxc6 bxc6 17. Rxb4 Bxd3 18. Qb3 Qa6 19. Rb8+ Kd7 20.
Qxf7# {Normal} 1-0

[Event "Rated Blitz game"]
[Site "?"]
[Date "2021.07.12"]
[Round "?"]
[White "Robertus64"]
[Black "artsportscience"]
[Result "1/2-1/2"]
[WhiteElo "2241"]
[BlackElo "2417"]
[PlyCount "132"]
[EventDate "2021.??.??"]
[EventType "blitz"]

1. e4 e5 2. Nf3 d5 3. Nxe5 Bd6 4. d4 dxe4 5. Nc4 Nf6 6. Nc3 Be7 7. f3 Bf5 8.
Bg5 exf3 9. Qxf3 Bc8 10. O-O-O O-O 11. h3 Nc6 12. d5 Nb4 13. a3 Na6 14. Bd3 Nc5
15. Rhe1 Nxd3+ 16. Rxd3 Bd7 17. Ne5 a6 18. Rde3 Nxd5 19. Bxe7 Nxe7 20. Nxd7
Qxd7 21. Rxe7 Qd4 22. Qe4 Qf2 23. Nd5 Rad8 24. Nxc7 Rc8 25. Kb1 b5 26. Re2 Qg3
27. Nd5 a5 28. Ne3 b4 29. axb4 axb4 30. Nf5 Qg5 31. h4 Qf6 32. Qe5 Qxe5 33.
R2xe5 b3 34. cxb3 Rb8 35. Re3 Rb5 36. g4 h6 37. Nd6 Rd5 38. Nc4 Rd4 39. g5 Rxh4
40. gxh6 Rxh6 41. b4 Rb8 42. Re8+ Rxe8 43. Rxe8+ Kh7 44. b5 Rh4 45. b3 Rh5 46.
b6 Rb5 47. Re7 g5 48. b7 Kg6 49. Nd6 Rb6 50. Nxf7 g4 51. Ne5+ Kf6 52. Nd7+ Kxe7
53. Nxb6 g3 54. b8=Q g2 55. Qg3 Kd8 56. Qxg2 Kc7 57. Qd5 Kxb6 58. b4 Kc7 59.
Qc5+ Kd7 60. b5 Ke6 61. b6 Kf6 62. b7 Ke6 63. b8=Q Kd7 64. Qbc7+ Ke6 65. Q5e7+
Kf5 66. Qce5+ Kg4 {Time forfeit} 1/2-1/2

[Event "Rated Blitz tournament 5uRYeP1O"]
[Site "?"]
[Date "2021.07.12"]
[Round "?"]
[White "amzbkd"]
[Black "dr_xStranger"]
[Result "0-1"]
[WhiteElo "2340"]
[BlackElo "2549"]
[PlyCount "154"]
[EventDate "2021.??.??"]
[EventType "blitz"]

1. e4 e5 2. Nf3 d5 3. Nxe5 Bd6 4. d4 dxe4 5. Nc4 Nf6 6. Be2 O-O 7. O-O Nc6 8.
Be3 Be6 9. Nbd2 Re8 10. a3 Qd7 11. b4 a6 12. Nb3 Bxc4 13. Bxc4 Qf5 14. h3 Rad8
15. Qc1 b5 16. Be2 Nd5 17. c4 bxc4 18. Bxc4 Nce7 19. Bd2 Nf4 20. Bxf4 Bxf4 21.
Qc2 Ng6 22. Bxa6 Nh4 23. Qe2 Qg6 24. Qg4 Bg5 25. Bc4 Kh8 26. Bxf7 Qxf7 27. Qxg5
Nf5 28. Rab1 Rd5 29. Qxf5 Rxf5 30. Rb2 Rf8 31. Nc5 Qg6 32. Nxe4 Rd5 33. Nc5
Rxd4 34. Re2 Rd6 35. Rfe1 h6 36. a4 Rdf6 37. a5 Kh7 38. Nd7 Rd8 39. Nxf6+ Qxf6
40. b5 Qc3 41. a6 Rb8 42. Rb1 Qa5 43. Reb2 Rb6 44. Rb4 c6 45. bxc6 Rxb4 46.
Rxb4 Qxb4 47. c7 Qb1+ 48. Kh2 Qf5 49. a7 Qc8 50. Kh1 Kg8 51. f4 Kf7 52. f5 Ke7
53. g4 Kd7 54. g5 Kxc7 55. f6 gxf6 56. gxh6 Qa8+ 57. Kg1 Qxa7+ 58. Kg2 Qa8+ 59.
Kg3 Qh8 60. Kg4 Qxh6 61. Kf5 Qh8 62. Ke6 Qe8+ 63. Kxf6 Qd8+ 64. Kf5 Qd6 65. h4
Qd7+ 66. Kg6 Kd6 67. h5 Qe7 68. h6 Ke6 69. h7 Qf7+ 70. Kh6 Qf6+ 71. Kh5 Qh8 72.
Kh6 Ke7 73. Kg6 Ke6 74. Kh6 Kf7 75. Kh5 Qxh7+ 76. Kg5 Qg6+ 77. Kf4 Qf6+ {
Time forfeit} 0-1

[Event "Rated Blitz game"]
[Site "?"]
[Date "2021.07.12"]
[Round "?"]
[White "ambushtactics"]
[Black "FourNinetySix"]
[Result "1-0"]
[WhiteElo "2367"]
[BlackElo "2489"]
[PlyCount "97"]
[EventDate "2021.??.??"]
[EventType "blitz"]

1. e4 e5 2. Nf3 d5 3. d4 dxe4 4. Nxe5 Bd6 5. Bc4 Bxe5 6. Qh5 Qe7 7. Qxe5 Qxe5
8. dxe5 Nc6 9. Bf4 Nge7 10. Nd2 Ng6 11. Be3 Ngxe5 12. Bd5 f5 13. O-O Bd7 14. f3
exf3 15. Nxf3 O-O-O 16. Nxe5 Nxe5 17. Bxa7 b6 18. a4 Bc6 19. Be6+ Kb7 20. Rxf5
Ng6 21. a5 Kxa7 22. axb6+ Kxb6 23. Ra3 Rd1+ 24. Kf2 Rf8 25. Rb3+ Ka7 26. Ra3+
Kb8 27. Rb3+ Bb7 28. Bf7 Rd2+ 29. Ke1 Rdd8 30. Bxg6 hxg6 31. Rfb5 Rfe8+ 32. Kf2
Rd2+ 33. Kg3 Kc8 34. Rxb7 Ree2 35. Rb8+ Kd7 36. Rd3+ Rxd3+ 37. cxd3 Rd2 38. Rg8
Rxd3+ 39. Kg4 Rd2 40. Rxg7+ Kc8 41. Kg3 Rxb2 42. Rxg6 Kd7 43. h4 c5 44. h5 Rb1
45. h6 Rh1 46. Kf2 c4 47. Ke3 Rh4 48. g4 Ke7 49. g5 {Normal} 1-0

[Event "Rated Blitz game"]
[Site "?"]
[Date "2021.07.12"]
[Round "?"]
[White "Artur_Arustamyan"]
[Black "FourNinetySix"]
[Result "1-0"]
[WhiteElo "2651"]
[BlackElo "2489"]
[PlyCount "111"]
[EventDate "2021.??.??"]
[EventType "blitz"]

1. e4 e5 2. Nf3 d5 3. exd5 Bd6 4. Nc3 f5 5. d4 e4 6. Ne5 Nf6 7. Bf4 c5 8. dxc6
Nxc6 9. Nxc6 bxc6 10. Bxd6 Qxd6 11. Bc4 Rb8 12. Bb3 Be6 13. Qd2 O-O 14. O-O-O
Bxb3 15. axb3 c5 16. dxc5 Qxc5 17. Qd4 Qa5 18. Kb1 h6 19. f3 Rfe8 20. fxe4 fxe4
21. Rhe1 Rbd8 22. Qc4+ Kh8 23. Rxd8 Rxd8 24. h3 Re8 25. Re2 e3 26. Qd4 Qg5 27.
g4 a5 28. Ka2 Kh7 29. Na4 Re4 30. Qd3 Kh8 31. c3 Qf4 32. Nc5 Re8 33. Nb7 a4 34.
Nc5 axb3+ 35. Kxb3 Rb8+ 36. Kc2 Re8 37. Nb3 Qf3 38. Nd4 Qxh3 39. Qf5 Qh1 40. g5
hxg5 41. Qxg5 Qh7+ 42. Qf5 Qxf5+ 43. Nxf5 Ng4 44. b4 g6 45. Nd4 Kg7 46. b5 Rd8
47. Kd3 Kf6 48. Ke4 Rc8 49. Kf4 Ne5 50. Rxe3 Nc4 51. Rf3 g5+ 52. Kg3+ Kg6 53.
Nc6 Nd2 54. Ne7+ Kg7 55. Nxc8 Nxf3 56. Kxf3 {Normal} 1-0

[Event "Rated Blitz game"]
[Site "?"]
[Date "2021.07.12"]
[Round "?"]
[White "GOGOLIS"]
[Black "alaeldin112"]
[Result "1/2-1/2"]
[WhiteElo "2401"]
[BlackElo "2331"]
[PlyCount "31"]
[EventDate "2021.??.??"]
[EventType "blitz"]

1. e4 e5 2. Nf3 d5 3. d3 dxe4 4. dxe4 Qxd1+ 5. Kxd1 Bg4 6. Be2 Nc6 7. c3 Nf6 8.
Nfd2 Bxe2+ 9. Kxe2 O-O-O 10. f3 g6 11. Nb3 Nd7 12. Be3 f5 13. N1d2 h5 14. a4
Bh6 15. Bxh6 Rxh6 16. h4 {Normal} 1/2-1/2

[Event "Rated Blitz game"]
[Site "?"]
[Date "2021.07.12"]
[Round "?"]
[White "SquaryMonster"]
[Black "ajedrezcosi"]
[Result "1-0"]
[WhiteElo "2422"]
[BlackElo "2270"]
[PlyCount "101"]
[EventDate "2021.??.??"]
[EventType "blitz"]

1. e4 e5 2. Nf3 d5 3. exd5 e4 4. Qe2 Nf6 5. d3 Qxd5 6. dxe4 Qxe4 7. Nc3 Bb4 8.
Bd2 Bxc3 9. Bxc3 Bf5 10. O-O-O Qxe2 11. Bxe2 Nbd7 12. Nd4 Be4 13. Nb5 O-O 14.
f3 c6 15. Nd6 Bd5 16. Nxb7 Rab8 17. Nd6 Be6 18. Bc4 Nd5 19. Be1 N7b6 20. Bb3 a5
21. Bg3 a4 22. Bxd5 cxd5 23. Nb5 Rbc8 24. Nd4 Nc4 25. Rhe1 Bd7 26. b3 axb3 27.
axb3 Na5 28. Kb2 Rfe8 29. Rxe8+ Rxe8 30. Re1 Rxe1 31. Bxe1 Nc6 32. Kc3 Kf8 33.
Nxc6 Bxc6 34. Kd4 Ke7 35. Kc5 Kd7 36. Bc3 g6 37. Be5 h5 38. b4 f5 39. Kb6 Ba4
40. b5 Kc8 41. c3 h4 42. Ka6 g5 43. Bf6 g4 44. Bxh4 gxf3 45. gxf3 Bd1 46. f4
Be2 47. Bf6 Bd3 48. Be5 Be2 49. h4 Kd7 50. h5 Ke6 51. h6 {Normal} 1-0